000 00963nam a2200289 a 4500
001 BRCA_6274
005 20190320205408.0
008 051208s1949----mx-a---###---#000-0#spa-u
041 _aspa
044 _amx
050 4 _aNA4232.M4
_b.O26 2 1949
100 1 _aObregón, Gonzalo
_9811
245 1 0 _aEl Real Colegio de San Ignacio de México (Las Vizcaínas)
_cGonzalo Obregón.
260 _aMéxico
_bCOLMEX
_c1949
300 _a190 p.
_bil.
_c22 cm.
500 _aIncluye índice de ilustraciones
500 _aIncluye dedicatoria a Franz Mayer ´Para el Sr. Franz Mayer con la amistad de Gonzalo Obregón´
500 _aEjemplar igual a AA86
500 _aC60
610 2 4 _aColegio de la Paz (Ciudad de México)
_97792
610 2 4 _aColegio de San Ignacio de Loyola (Ciudad de México)
_97793
650 1 4 _aArquitectura colonial
_97560
651 4 _aMéxico
_xEducación
_97794
710 2 _aLas Vizcaínas
_97795
902 _aGFM
942 _2lcc
_cB
999 _c5961
_d5961